Normal view
MARC view
Entry Topical Term
001 - CONTROL NUMBER
- control field: 18056
003 - CONTROL NUMBER IDENTIFIER
- control field: HDC
005 - DATE AND TIME OF LATEST TRANSACTION
- control field: 20230624073525.0
008 - FIXED-LENGTH DATA ELEMENTS
- fixed length control field: 210302|| aca||aabn | a|a d
040 ## - CATALOGING SOURCE
- Original cataloging agency: HDC
- Transcribing agency: HDC
150 ## - HEADING--TOPICAL TERM
- Topical term or geographic name entry element: National halal meet
670 ## - SOURCE DATA FOUND
- Source citation: Work cat.: (HDC): Macabalang, Ali G. author 18055, RP’s 2nd national halal meet starts Monday / by, 2009
